More than a pretty picture : (Record no. 14499)

000 -LEADER
fixed length control field 00787cam a2200229 a 4500
020 ## - INTERNATIONAL STANDARD BOOK NUMBER
ISBN 9780821369319
020 ## - INTERNATIONAL STANDARD BOOK NUMBER
ISBN 0821369318
020 ## - INTERNATIONAL STANDARD BOOK NUMBER
ISBN 0821369326 (electronic)
020 ## - INTERNATIONAL STANDARD BOOK NUMBER
ISBN 9780821369326 (electronic)
040 ## - CATALOGING SOURCE
Transcribing agency DLC
082 00 - DEWEY DECIMAL CLASSIFICATION NUMBER
Classification number 362 WOR 2007 A067 Or.
245 00 - TITLE STATEMENT
Title More than a pretty picture :
Remainder of title using poverty maps to design better policies and interventions / edited by Tara Bedi, Aline Coudouel, Kenneth Simler.
246 30 - VARYING FORM OF TITLE
Title proper/short title Using poverty maps to design better policies and interventions
260 ## - PUBLICATION, DISTRIBUTION, ETC. (IMPRINT)
Place of publication Washington, D.C. :
Name of publisher World Bank,
Year of publication c2007.
300 ## - PHYSICAL DESCRIPTION
Number of Pages xviii, 286 p. :
Other physical details ill. (chiefly col.), col. maps ;
Dimensions 26 cm.
650 #0 - SUBJECT ADDED ENTRY--TOPICAL TERM
Topical Term Poverty
650 #0 - SUBJECT ADDED ENTRY--TOPICAL TERM
Topical Term Poverty
700 1# - ADDED ENTRY--PERSONAL NAME
Personal name Bedi, Tara,
700 1# - ADDED ENTRY--PERSONAL NAME
Personal name Coudouel, Aline.
700 1# - ADDED ENTRY--PERSONAL NAME
Personal name Simler, Kenneth.
942 ## - ADDED ENTRY ELEMENTS (KOHA)
Koha item type សៀវភៅភាសាអង់គ្លេស
952 ## - LOCATION AND ITEM INFORMATION (KOHA)
Withdrawn status [LOCAL, KOHA] 0
Holdings
Permanent Location Date acquired Koha item type Lost status Shelving location Barcode Current Location Full call number
Library Block A2017-10-18សៀវភៅភាសាអង់គ្លេស A067RUA045880Library Block A362 WOR 2007 A067 Or.
មជ្ឈមណ្ឌលឯការនៃសាកលវិទ្យាល័យភូមិន្ទកសិកម្មចំការដូង

Powered by Koha